[Event "DVM U10 2023"]
[Site "Magdeburg GER"]
[Date "2023.12.27"]
[Round "2"]
[White "Shen, Tingrui"]
[Black "Zussner, Tim"]
[Result "1-0"]
[Termination "normal"]
[Board "1.1"]
[WhiteElo "1884"]
[BlackElo "1275"]
[WhiteClock "00:11:14"]
[BlackClock "00:09:43"]
[WhiteTeam "TV Tegernsee"]
[BlackTeam "SV Empor Berlin"]
[PlyCount "67"]
[WhiteFideId "34603441"]
[BlackFideId "34642765"]
[EventCountry "GER"]
[EventRounds "7"]
[EventType "team-swiss"]
[EventDate "2023.12.27"]

1. Nf3 {[%clk 00:54:48]} {[%emt 00:00:21]} d5 {[%clk 00:54:56]} {[%emt
00:00:15]} 2. b3 {[%clk 00:54:29]} {[%emt 00:00:23]} Nf6 {[%clk 00:54:27]}
{[%emt 00:00:35]} 3. Bb2 {[%clk 00:54:23]} {[%emt 00:00:11]} c5 {[%clk
00:54:01]} {[%emt 00:00:31]} 4. e3 {[%clk 00:53:47]} {[%emt 00:00:40]} Nc6
{[%clk 00:53:50]} {[%emt 00:00:16]} 5. d4 {[%clk 00:53:23]} {[%emt 00:00:28]}
Bg4 {[%clk 00:53:12]} {[%emt 00:00:44]} 6. Be2 {[%clk 00:52:59]} {[%emt
00:00:28]} e6 {[%clk 00:53:06]} {[%emt 00:00:13]} 7. Nbd2 {[%clk 00:52:50]}
{[%emt 00:00:13]} Bd6 {[%clk 00:52:35]} {[%emt 00:00:36]} 8. h3 {[%clk
00:52:23]} {[%emt 00:00:31]} Bh5 {[%clk 00:52:22]} {[%emt 00:00:19]} 9. O-O
{[%clk 00:51:50]} {[%emt 00:00:37]} O-O {[%clk 00:50:34]} {[%emt 00:01:55]} 10.
c4 {[%clk 00:51:22]} {[%emt 00:00:32]} cxd4 {[%clk 00:49:58]} {[%emt 00:00:41]}
11. exd4 {[%clk 00:50:43]} {[%emt 00:00:43]} Rc8 {[%clk 00:49:23]} {[%emt
00:00:42]} 12. Ne5 {[%clk 00:49:15]} {[%emt 00:01:31]} Bxe2 {[%clk 00:47:59]}
{[%emt 00:01:30]} 13. Qxe2 {[%clk 00:48:59]} {[%emt 00:00:19]} dxc4 {[%clk
00:46:21]} {[%emt 00:01:46]} 14. bxc4 {[%clk 00:47:21]} {[%emt 00:01:42]} Bxe5
{[%clk 00:45:28]} {[%emt 00:00:58]} 15. dxe5 {[%clk 00:47:08]} {[%emt
00:00:17]} Nd7 {[%clk 00:44:10]} {[%emt 00:01:24]} 16. Ba3 {[%clk 00:44:21]}
{[%emt 00:02:51]} Re8 {[%clk 00:41:43]} {[%emt 00:02:34]} 17. Nf3 {[%clk
00:41:47]} {[%emt 00:02:37]} Qa5 {[%clk 00:38:05]} {[%emt 00:03:44]} 18. Bd6
{[%clk 00:41:11]} {[%emt 00:00:40]} Ne7 {[%clk 00:36:32]} {[%emt 00:01:40]} 19.
Qe4 {[%clk 00:37:05]} {[%emt 00:04:09]} Qa6 {[%clk 00:33:53]} {[%emt 00:02:39]}
20. Rac1 {[%clk 00:32:33]} {[%emt 00:04:43]} Nf5 {[%clk 00:31:15]} {[%emt
00:02:44]} 21. Rfd1 {[%clk 00:31:55]} {[%emt 00:00:39]} b6 {[%clk 00:25:53]}
{[%emt 00:05:30]} 22. Ng5 {[%clk 00:26:48]} {[%emt 00:05:11]} h6 {[%clk
00:23:21]} {[%emt 00:02:39]} 23. g4 {[%clk 00:24:09]} {[%emt 00:02:43]} hxg5
{[%clk 00:22:31]} {[%emt 00:00:55]} 24. gxf5 {[%clk 00:23:53]} {[%emt
00:00:20]} exf5 {[%clk 00:21:26]} {[%emt 00:01:11]} 25. Qxf5 {[%clk 00:23:41]}
{[%emt 00:00:17]} Nf8 {[%clk 00:20:18]} {[%emt 00:01:14]} 26. Rc3 {[%clk
00:15:30]} {[%emt 00:08:15]} Rxc4 {[%clk 00:18:21]} {[%emt 00:02:02]} 27. Rf3
{[%clk 00:14:23]} {[%emt 00:01:11]} Rf4 {[%clk 00:15:38]} {[%emt 00:02:49]} 28.
Rxf4 {[%clk 00:14:08]} {[%emt 00:00:20]} gxf4 {[%clk 00:15:37]} {[%emt
00:00:06]} 29. Bxf8 {[%clk 00:13:19]} {[%emt 00:00:54]} Rxf8 {[%clk 00:14:44]}
{[%emt 00:00:58]} 30. e6 {[%clk 00:12:22]} {[%emt 00:01:02]} Qxa2 {[%clk
00:10:28]} {[%emt 00:04:21]} 31. e7 {[%clk 00:12:09]} {[%emt 00:00:18]} Re8
{[%clk 00:10:31]} {[%emt 00:00:02]} 32. Qb5 {[%clk 00:11:27]} {[%emt 00:00:46]}
Rxe7 {[%clk 00:09:47]} {[%emt 00:00:50]} 33. Rd8+ {[%clk 00:11:18]} {[%emt
00:00:13]} Kh7 {[%clk 00:09:43]} {[%emt 00:00:09]} 34. Qh5# {[%clk 00:11:14]}
{[%emt 00:00:09]} *

[Event "DVM U10 2023"]
[Site "Magdeburg GER"]
[Date "2023.12.27"]
[Round "2"]
[White "Bashirova, Sona"]
[Black "Lange, Fynn Jeremy"]
[Result "0-1"]
[Termination "normal"]
[Board "1.2"]
[WhiteElo "1317"]
[BlackElo "1603"]
[WhiteClock "00:22:28"]
[BlackClock "00:19:32"]
[WhiteTeam "SV Empor Berlin"]
[BlackTeam "TV Tegernsee"]
[PlyCount "46"]
[WhiteFideId "34664033"]
[BlackFideId "34616365"]
[EventCountry "GER"]
[EventRounds "7"]
[EventType "team-swiss"]
[EventDate "2023.12.27"]

1. e4 {[%clk 00:55:09]} e5 {[%clk 00:54:51]} {[%emt 00:00:19]} 2. Nc3 {[%clk
00:55:09]} {[%emt 00:00:05]} Nf6 {[%clk 00:54:43]} {[%emt 00:00:13]} 3. f4
{[%clk 00:55:08]} {[%emt 00:00:07]} d5 {[%clk 00:54:26]} {[%emt 00:00:21]} 4.
fxe5 {[%clk 00:55:05]} {[%emt 00:00:08]} Nxe4 {[%clk 00:54:21]} {[%emt
00:00:10]} 5. Qf3 {[%clk 00:55:05]} {[%emt 00:00:06]} Nxc3 {[%clk 00:52:20]}
{[%emt 00:02:06]} 6. bxc3 {[%clk 00:55:01]} {[%emt 00:00:08]} Be7 {[%clk
00:49:41]} {[%emt 00:02:43]} 7. d4 {[%clk 00:55:01]} {[%emt 00:00:07]} c5
{[%clk 00:47:45]} {[%emt 00:02:00]} 8. Bb5+ {[%clk 00:52:33]} {[%emt 00:02:34]}
Bd7 {[%clk 00:46:50]} {[%emt 00:00:58]} 9. Bxd7+ {[%clk 00:52:01]} {[%emt
00:00:38]} Qxd7 {[%clk 00:46:40]} {[%emt 00:00:14]} 10. Ne2 {[%clk 00:51:52]}
{[%emt 00:00:14]} Nc6 {[%clk 00:42:59]} {[%emt 00:03:46]} 11. O-O {[%clk
00:50:26]} {[%emt 00:01:31]} O-O-O {[%clk 00:40:51]} {[%emt 00:02:13]} 12. Qxf7
{[%clk 00:47:26]} {[%emt 00:03:06]} Rhf8 {[%clk 00:39:51]} {[%emt 00:01:04]}
13. Qxg7 {[%clk 00:46:21]} {[%emt 00:01:08]} Rxf1+ {[%clk 00:37:25]} {[%emt
00:02:33]} 14. Kxf1 {[%clk 00:46:09]} {[%emt 00:00:17]} Qf5+ {[%clk 00:34:59]}
{[%emt 00:02:31]} 15. Kg1 {[%clk 00:45:27]} {[%emt 00:00:45]} cxd4 {[%clk
00:32:11]} {[%emt 00:02:56]} 16. cxd4 {[%clk 00:43:58]} {[%emt 00:01:34]} Rf8
{[%clk 00:31:15]} {[%emt 00:01:01]} 17. Be3 {[%clk 00:40:59]} {[%emt 00:03:04]}
Qe4 {[%clk 00:27:08]} {[%emt 00:04:09]} 18. Qh6 {[%clk 00:36:17]} {[%emt
00:04:40]} Qxc2 {[%clk 00:24:27]} {[%emt 00:02:55]} 19. Nf4 {[%clk 00:28:39]}
{[%emt 00:07:35]} Qc3 {[%clk 00:23:49]} {[%emt 00:00:51]} 20. Qh3+ {[%clk
00:27:14]} {[%emt 00:01:30]} Kb8 {[%clk 00:23:11]} {[%emt 00:00:43]} 21. Rc1
{[%clk 00:25:34]} {[%emt 00:01:44]} Qa3 {[%clk 00:21:23]} {[%emt 00:01:54]} 22.
Nxd5 {[%clk 00:23:49]} {[%emt 00:01:49]} Nxd4 {[%clk 00:19:35]} {[%emt
00:01:55]} 23. Bxd4 {[%clk 00:22:28]} {[%emt 00:01:26]} Qxc1# {[%clk 00:19:32]}
{[%emt 00:00:08]} 0-1

[Event "DVM U10 2023"]
[Site "Magdeburg GER"]
[Date "2023.12.27"]
[Round "2"]
[White "Hagn, Tobias"]
[Black "Köhler, Valentin"]
[Result "1-0"]
[Termination "normal"]
[Board "1.3"]
[WhiteElo "1385"]
[BlackElo "1135"]
[WhiteClock "00:04:32"]
[BlackClock "00:22:37"]
[WhiteTeam "TV Tegernsee"]
[BlackTeam "SV Empor Berlin"]
[PlyCount "129"]
[WhiteFideId "34623728"]
[EventCountry "GER"]
[EventRounds "7"]
[EventType "team-swiss"]
[EventDate "2023.12.27"]

1. e4 {[%clk 00:55:07]} {[%emt 00:00:03]} c5 {[%clk 00:55:02]} {[%emt
00:00:08]} 2. Nf3 {[%clk 00:55:05]} {[%emt 00:00:07]} e6 {[%clk 00:55:02]}
{[%emt 00:00:05]} 3. d4 {[%clk 00:54:58]} {[%emt 00:00:12]} d5 {[%clk
00:54:59]} {[%emt 00:00:08]} 4. exd5 {[%clk 00:54:32]} {[%emt 00:00:32]} cxd4
{[%clk 00:54:34]} {[%emt 00:00:30]} 5. dxe6 {[%clk 00:53:46]} {[%emt 00:00:50]}
Bxe6 {[%clk 00:54:29]} {[%emt 00:00:10]} 6. Qxd4 {[%clk 00:53:38]} {[%emt
00:00:13]} Qxd4 {[%clk 00:54:12]} {[%emt 00:00:23]} 7. Nxd4 {[%clk 00:53:30]}
{[%emt 00:00:12]} Bd5 {[%clk 00:53:56]} {[%emt 00:00:21]} 8. Nc3 {[%clk
00:52:52]} {[%emt 00:00:44]} Nf6 {[%clk 00:53:39]} {[%emt 00:00:22]} 9. Bb5+
{[%clk 00:52:07]} {[%emt 00:00:49]} Nbd7 {[%clk 00:53:20]} {[%emt 00:00:24]}
10. Nxd5 {[%clk 00:50:23]} {[%emt 00:01:49]} Nxd5 {[%clk 00:53:19]} {[%emt
00:00:07]} 11. Bd2 {[%clk 00:46:38]} {[%emt 00:03:50]} O-O-O {[%clk 00:53:12]}
{[%emt 00:00:12]} 12. O-O-O {[%clk 00:44:31]} {[%emt 00:02:12]} Nc7 {[%clk
00:53:05]} {[%emt 00:00:12]} 13. Bf4 {[%clk 00:44:11]} {[%emt 00:00:26]} Bc5
{[%clk 00:52:44]} {[%emt 00:00:26]} 14. Ba4 {[%clk 00:43:20]} {[%emt 00:00:56]}
Nb6 {[%clk 00:52:19]} {[%emt 00:00:31]} 15. Bb3 {[%clk 00:42:55]} {[%emt
00:00:29]} Rxd4 {[%clk 00:52:05]} {[%emt 00:00:18]} 16. Rxd4 {[%clk 00:41:26]}
{[%emt 00:01:35]} Bxd4 {[%clk 00:51:58]} {[%emt 00:00:11]} 17. Bg3 {[%clk
00:41:02]} {[%emt 00:00:29]} Rd8 {[%clk 00:51:47]} {[%emt 00:00:15]} 18. c3
{[%clk 00:40:21]} {[%emt 00:00:48]} Bf6 {[%clk 00:51:29]} {[%emt 00:00:21]} 19.
Bxf7 {[%clk 00:40:06]} {[%emt 00:00:21]} Bg5+ {[%clk 00:50:59]} {[%emt
00:00:35]} 20. Kb1 {[%clk 00:39:47]} {[%emt 00:00:25]} Rd2 {[%clk 00:49:57]}
{[%emt 00:01:05]} 21. h4 {[%clk 00:39:00]} {[%emt 00:00:53]} Bd8 {[%clk
00:49:40]} {[%emt 00:00:22]} 22. Kc1 {[%clk 00:38:27]} {[%emt 00:00:39]} Rd7
{[%clk 00:49:15]} {[%emt 00:00:30]} 23. Bh5 {[%clk 00:37:43]} {[%emt 00:00:48]}
Kb8 {[%clk 00:48:58]} {[%emt 00:00:22]} 24. Bg4 {[%clk 00:36:42]} {[%emt
00:01:06]} Rd5 {[%clk 00:47:49]} {[%emt 00:01:14]} 25. Kc2 {[%clk 00:34:14]}
{[%emt 00:02:34]} Bf6 {[%clk 00:45:06]} {[%emt 00:02:48]} 26. Re1 {[%clk
00:33:52]} {[%emt 00:00:24]} a6 {[%clk 00:44:12]} {[%emt 00:01:02]} 27. Re4
{[%clk 00:32:19]} {[%emt 00:01:38]} Nc8 {[%clk 00:42:54]} {[%emt 00:01:22]} 28.
Re8 {[%clk 00:30:43]} {[%emt 00:01:42]} Rd8 {[%clk 00:42:18]} {[%emt 00:00:40]}
29. Re4 {[%clk 00:29:32]} {[%emt 00:01:17]} Nd6 {[%clk 00:41:48]} {[%emt
00:00:35]} 30. Rb4 {[%clk 00:28:47]} {[%emt 00:00:49]} Be7 {[%clk 00:40:43]}
{[%emt 00:01:09]} 31. Bf3 {[%clk 00:27:24]} {[%emt 00:01:28]} Ndb5 {[%clk
00:38:56]} {[%emt 00:01:54]} 32. Rb3 {[%clk 00:25:39]} {[%emt 00:01:50]} Bd6
{[%clk 00:36:50]} {[%emt 00:02:10]} 33. Bxd6 {[%clk 00:21:07]} {[%emt
00:04:37]} Nxd6 {[%clk 00:36:43]} {[%emt 00:00:12]} 34. Rb4 {[%clk 00:19:08]}
{[%emt 00:02:03]} Nce8 {[%clk 00:34:49]} {[%emt 00:01:59]} 35. Rd4 {[%clk
00:15:03]} {[%emt 00:04:11]} Rc8 {[%clk 00:33:47]} {[%emt 00:01:06]} 36. Bg4
{[%clk 00:14:19]} {[%emt 00:00:49]} Rc4 {[%clk 00:33:28]} {[%emt 00:00:24]} 37.
Rxc4 {[%clk 00:11:59]} {[%emt 00:02:26]} Nxc4 {[%clk 00:33:04]} {[%emt
00:00:28]} 38. b3 {[%clk 00:11:05]} {[%emt 00:00:59]} Ncd6 {[%clk 00:32:13]}
{[%emt 00:00:56]} 39. Kd3 {[%clk 00:10:41]} {[%emt 00:00:29]} Kc7 {[%clk
00:31:54]} {[%emt 00:00:24]} 40. c4 {[%clk 00:09:46]} {[%emt 00:01:00]} Nf6
{[%clk 00:31:50]} {[%emt 00:00:09]} 41. Be6 {[%clk 00:09:22]} {[%emt 00:00:29]}
Nde4 {[%clk 00:31:08]} {[%emt 00:00:46]} 42. Ke3 {[%clk 00:08:48]} {[%emt
00:00:40]} Nc3 {[%clk 00:30:38]} {[%emt 00:00:35]} 43. a3 {[%clk 00:08:44]}
{[%emt 00:00:09]} Nce4 {[%clk 00:29:14]} {[%emt 00:01:29]} 44. b4 {[%clk
00:08:21]} {[%emt 00:00:29]} Nd6 {[%clk 00:28:49]} {[%emt 00:00:29]} 45. f3
{[%clk 00:08:02]} {[%emt 00:00:24]} Kd8 {[%clk 00:27:04]} {[%emt 00:01:51]} 46.
Kd4 {[%clk 00:06:50]} {[%emt 00:01:17]} Ke7 {[%clk 00:26:42]} {[%emt 00:00:26]}
47. Bh3 {[%clk 00:06:34]} {[%emt 00:00:21]} Nh5 {[%clk 00:26:00]} {[%emt
00:00:47]} 48. a4 {[%clk 00:05:40]} {[%emt 00:00:59]} Nf4 {[%clk 00:25:44]}
{[%emt 00:00:22]} 49. c5 {[%clk 00:05:39]} {[%emt 00:00:06]} Nf5+ {[%clk
00:25:20]} {[%emt 00:00:28]} 50. Bxf5 {[%clk 00:05:35]} {[%emt 00:00:10]} Ne6+
{[%clk 00:24:24]} {[%emt 00:01:00]} 51. Ke5 {[%clk 00:04:49]} {[%emt 00:00:51]}
Nd8 {[%clk 00:24:19]} {[%emt 00:00:11]} 52. Bxh7 {[%clk 00:04:45]} {[%emt
00:00:08]} Kf7 {[%clk 00:24:12]} {[%emt 00:00:12]} 53. Be4 {[%clk 00:04:46]}
{[%emt 00:00:04]} Ke7 {[%clk 00:23:55]} {[%emt 00:00:22]} 54. g4 {[%clk
00:04:46]} {[%emt 00:00:06]} Nf7+ {[%clk 00:23:47]} {[%emt 00:00:13]} 55. Kf5
{[%clk 00:04:36]} {[%emt 00:00:15]} Nd8 {[%clk 00:23:26]} {[%emt 00:00:26]} 56.
f4 {[%clk 00:04:28]} {[%emt 00:00:12]} Kf7 {[%clk 00:23:24]} {[%emt 00:00:07]}
57. Bd5+ {[%clk 00:04:31]} {[%emt 00:00:03]} Ke7 {[%clk 00:23:08]} {[%emt
00:00:21]} 58. Kg6 {[%clk 00:04:31]} {[%emt 00:00:04]} Kf8 {[%clk 00:23:00]}
{[%emt 00:00:13]} 59. f5 {[%clk 00:04:30]} {[%emt 00:00:06]} Nc6 {[%clk
00:22:51]} {[%emt 00:00:14]} 60. Bxc6 {[%clk 00:04:25]} {[%emt 00:00:11]} bxc6
{[%clk 00:22:50]} {[%emt 00:00:06]} 61. f6 {[%clk 00:04:25]} {[%emt 00:00:04]}
Kg8 {[%clk 00:22:43]} {[%emt 00:00:11]} 62. fxg7 {[%clk 00:04:25]} {[%emt
00:00:06]} a5 {[%clk 00:22:41]} {[%emt 00:00:07]} 63. h5 {[%clk 00:04:29]}
{[%emt 00:00:02]} axb4 {[%clk 00:22:37]} {[%emt 00:00:09]} 64. h6 {[%clk
00:04:32]} {[%emt 00:00:01]} b3 65. h7# {[%emt 00:00:53]} 1-0

[Event "DVM U10 2023"]
[Site "Magdeburg GER"]
[Date "2023.12.27"]
[Round "2"]
[White "Schmidt, Jakob"]
[Black "Serwane, Ruben"]
[Result "0-1"]
[Termination "normal"]
[Board "1.4"]
[WhiteElo "938"]
[BlackElo "1636"]
[WhiteClock "00:43:01"]
[BlackClock "00:46:50"]
[WhiteTeam "SV Empor Berlin"]
[BlackTeam "TV Tegernsee"]
[PlyCount "46"]
[BlackFideId "34660232"]
[EventCountry "GER"]
[EventRounds "7"]
[EventType "team-swiss"]
[EventDate "2023.12.27"]

1. e4 {[%clk 00:55:07]} e5 {[%clk 00:55:07]} {[%emt 00:00:06]} 2. d4 {[%clk
00:55:05]} {[%emt 00:00:06]} exd4 {[%clk 00:55:06]} {[%emt 00:00:06]} 3. c3
{[%clk 00:55:05]} {[%emt 00:00:05]} dxc3 {[%clk 00:54:59]} {[%emt 00:00:13]} 4.
Bc4 {[%clk 00:55:05]} {[%emt 00:00:05]} cxb2 {[%clk 00:54:13]} {[%emt
00:00:51]} 5. Bxb2 {[%clk 00:55:03]} {[%emt 00:00:05]} d5 {[%clk 00:53:32]}
{[%emt 00:00:47]} 6. Bxd5 {[%emt 00:00:09]} Nf6 {[%emt 00:00:13]} 7. Nc3 {[%clk
00:54:37]} {[%emt 00:00:09]} Nxd5 {[%clk 00:53:16]} {[%emt 00:00:21]} 8. Nxd5
{[%clk 00:54:18]} {[%emt 00:00:24]} Be7 {[%clk 00:51:25]} {[%emt 00:01:57]} 9.
Bxg7 {[%clk 00:53:59]} {[%emt 00:00:24]} Rg8 {[%clk 00:51:20]} {[%emt
00:00:10]} 10. Bh6 {[%clk 00:53:02]} {[%emt 00:01:02]} c6 {[%clk 00:51:10]}
{[%emt 00:00:15]} 11. Nxe7 {[%clk 00:52:10]} {[%emt 00:00:40]} Qxd1+ {[%clk
00:50:37]} {[%emt 00:00:55]} 12. Rxd1 {[%clk 00:51:47]} {[%emt 00:00:26]} Kxe7
{[%clk 00:50:36]} {[%emt 00:00:07]} 13. g3 {[%clk 00:51:29]} {[%emt 00:00:23]}
Be6 {[%clk 00:50:29]} {[%emt 00:00:11]} 14. Rd2 {[%clk 00:50:58]} {[%emt
00:00:36]} Nd7 {[%clk 00:50:06]} {[%emt 00:00:29]} 15. Ke2 {[%clk 00:50:31]}
{[%emt 00:00:32]} Nc5 {[%clk 00:49:55]} {[%emt 00:00:16]} 16. Ke3 {[%clk
00:50:02]} {[%emt 00:00:33]} Rad8 {[%clk 00:49:08]} {[%emt 00:00:52]} 17. Rxd8
{[%clk 00:48:53]} {[%emt 00:01:15]} Rxd8 {[%clk 00:49:05]} {[%emt 00:00:09]}
18. h4 {[%clk 00:48:14]} {[%emt 00:00:12]} Nxe4 {[%clk 00:48:41]} {[%emt
00:01:00]} 19. Kxe4 {[%clk 00:47:44]} {[%emt 00:00:34]} Bd5+ {[%clk 00:48:41]}
{[%emt 00:00:07]} 20. Ke5 {[%clk 00:47:20]} {[%emt 00:00:29]} f6+ {[%clk
00:48:15]} {[%emt 00:00:30]} 21. Kf4 {[%clk 00:46:32]} {[%emt 00:00:52]} Bxh1
{[%clk 00:48:09]} {[%emt 00:00:12]} 22. g4 {[%clk 00:44:54]} {[%emt 00:01:43]}
Kf7 {[%clk 00:47:06]} {[%emt 00:01:08]} 23. Nh3 {[%clk 00:43:01]} {[%emt
00:01:58]} Bg2 {[%clk 00:46:50]} {[%emt 00:00:22]} 0-1

[Event "DVM U10 2023"]
[Site "Magdeburg GER"]
[Date "2023.12.27"]
[Round "2"]
[White "Suryaprakash, Smrithi"]
[Black "Sutharjan, Dakxwin"]
[Result "0-1"]
[Termination "normal"]
[Board "2.1"]
[WhiteElo "1318"]
[BlackElo "1658"]
[WhiteClock "00:05:20"]
[BlackClock "00:15:24"]
[WhiteTeam "SF München"]
[BlackTeam "SF Brackel 1930"]
[PlyCount "120"]
[WhiteFideId "34637826"]
[BlackFideId "34606548"]
[EventCountry "GER"]
[EventRounds "7"]
[EventType "team-swiss"]
[EventDate "2023.12.27"]

1. e4 {[%clk 00:55:07]} {[%emt 00:00:02]} d5 {[%clk 00:55:01]} {[%emt
00:00:09]} 2. exd5 {[%clk 00:54:40]} {[%emt 00:00:32]} Nf6 {[%clk 00:54:55]}
{[%emt 00:00:11]} 3. d4 {[%clk 00:54:20]} {[%emt 00:00:26]} Nxd5 {[%clk
00:54:48]} {[%emt 00:00:11]} 4. Nf3 {[%clk 00:53:55]} {[%emt 00:00:30]} g6
{[%clk 00:54:39]} {[%emt 00:00:15]} 5. c4 {[%clk 00:53:31]} {[%emt 00:00:30]}
Nb6 {[%clk 00:54:36]} {[%emt 00:00:06]} 6. Nc3 {[%clk 00:53:20]} {[%emt
00:00:16]} Bg7 {[%clk 00:54:32]} {[%emt 00:00:09]} 7. Bf4 {[%clk 00:53:08]}
{[%emt 00:00:18]} Bg4 {[%clk 00:53:40]} {[%emt 00:00:57]} 8. Be2 {[%clk
00:52:11]} {[%emt 00:01:02]} c6 {[%clk 00:53:06]} {[%emt 00:00:39]} 9. Be3
{[%clk 00:48:21]} {[%emt 00:03:37]} Bxf3 {[%clk 00:53:03]} {[%emt 00:00:26]}
10. Bxf3 {[%clk 00:47:40]} {[%emt 00:00:45]} Nxc4 {[%clk 00:52:55]} {[%emt
00:00:14]} 11. Qe2 {[%clk 00:44:55]} {[%emt 00:02:49]} Nxe3 {[%clk 00:52:48]}
{[%emt 00:00:10]} 12. fxe3 {[%clk 00:44:50]} {[%emt 00:00:12]} O-O {[%clk
00:52:39]} {[%emt 00:00:15]} 13. O-O {[%clk 00:44:46]} {[%emt 00:00:09]} e6
{[%clk 00:52:14]} {[%emt 00:00:30]} 14. Rad1 {[%clk 00:43:33]} {[%emt
00:01:17]} Nd7 {[%clk 00:51:45]} {[%emt 00:00:34]} 15. e4 {[%clk 00:40:23]}
{[%emt 00:03:16]} Nb6 {[%clk 00:49:06]} {[%emt 00:02:44]} 16. d5 {[%clk
00:38:32]} {[%emt 00:01:56]} cxd5 {[%clk 00:48:43]} {[%emt 00:00:28]} 17. exd5
{[%clk 00:38:19]} {[%emt 00:00:18]} Bxc3 {[%clk 00:47:59]} {[%emt 00:00:49]}
18. bxc3 {[%clk 00:37:47]} {[%emt 00:00:37]} Nxd5 {[%clk 00:47:50]} {[%emt
00:00:14]} 19. c4 {[%clk 00:36:51]} {[%emt 00:01:02]} Qb6+ {[%clk 00:46:30]}
{[%emt 00:01:24]} 20. Qf2 {[%clk 00:36:35]} {[%emt 00:00:20]} Ne3 {[%clk
00:46:21]} {[%emt 00:00:15]} 21. Rb1 {[%clk 00:35:20]} {[%emt 00:01:20]} Qd4
{[%clk 00:45:26]} {[%emt 00:01:01]} 22. Rfe1 {[%clk 00:34:25]} {[%emt
00:00:57]} Nf5 {[%clk 00:44:52]} {[%emt 00:00:41]} 23. Qxd4 {[%clk 00:34:07]}
{[%emt 00:00:23]} Nxd4 {[%clk 00:44:51]} {[%emt 00:00:06]} 24. Bxb7 {[%clk
00:33:58]} {[%emt 00:00:13]} Rab8 {[%clk 00:44:34]} {[%emt 00:00:23]} 25. c5
{[%clk 00:32:53]} {[%emt 00:01:06]} Rfe8 {[%clk 00:41:51]} {[%emt 00:02:52]}
26. c6 {[%clk 00:30:56]} {[%emt 00:02:02]} Re7 {[%clk 00:41:39]} {[%emt
00:00:17]} 27. Rbd1 {[%clk 00:29:47]} {[%emt 00:01:10]} Nb5 {[%clk 00:40:56]}
{[%emt 00:00:52]} 28. Rc1 {[%clk 00:27:07]} {[%emt 00:02:45]} Rc7 {[%clk
00:40:32]} {[%emt 00:00:29]} 29. Red1 {[%clk 00:25:51]} {[%emt 00:01:21]} Kg7
{[%clk 00:32:04]} {[%emt 00:08:33]} 30. Rc5 {[%clk 00:23:50]} {[%emt 00:02:06]}
Na3 {[%clk 00:31:18]} {[%emt 00:00:51]} 31. Ra5 {[%clk 00:21:33]} {[%emt
00:02:22]} Nc4 {[%clk 00:30:48]} {[%emt 00:00:35]} 32. Rxa7 {[%clk 00:20:36]}
{[%emt 00:01:01]} Ne5 {[%clk 00:29:55]} {[%emt 00:00:58]} 33. Rc1 {[%clk
00:19:48]} {[%emt 00:00:54]} Kf8 {[%clk 00:27:13]} {[%emt 00:02:47]} 34. a4
{[%clk 00:18:47]} {[%emt 00:01:06]} Ke8 {[%clk 00:26:09]} {[%emt 00:01:09]} 35.
a5 {[%clk 00:18:29]} {[%emt 00:00:22]} Nd3 {[%clk 00:25:36]} {[%emt 00:00:39]}
36. Rc3 {[%clk 00:18:08]} {[%emt 00:00:26]} Nb4 {[%clk 00:25:12]} {[%emt
00:00:29]} 37. Rc4 {[%clk 00:17:37]} {[%emt 00:00:36]} Nd5 {[%clk 00:24:47]}
{[%emt 00:00:29]} 38. a6 {[%clk 00:16:57]} {[%emt 00:00:45]} Ke7 {[%emt
00:01:22]} 39. Rc1 {[%clk 00:15:36]} {[%emt 00:01:26]} Kd6 {[%clk 00:23:21]}
{[%emt 00:00:15]} 40. Ra8 {[%clk 00:14:27]} {[%emt 00:01:14]} Rxa8 {[%clk
00:21:41]} {[%emt 00:01:45]} 41. Bxa8 {[%clk 00:14:27]} {[%emt 00:00:05]} Nb4
{[%clk 00:20:45]} {[%emt 00:01:01]} 42. Rd1+ {[%clk 00:12:32]} {[%emt
00:02:01]} Kc5 {[%clk 00:19:32]} {[%emt 00:01:17]} 43. Rd7 {[%clk 00:11:53]}
{[%emt 00:00:43]} Nd5 {[%clk 00:18:22]} {[%emt 00:01:16]} 44. Bb7 {[%clk
00:10:45]} {[%emt 00:01:13]} Kb6 {[%clk 00:17:45]} {[%emt 00:00:42]} 45. Rd8
{[%clk 00:08:49]} {[%emt 00:02:01]} Nb4 {[%clk 00:17:00]} {[%emt 00:00:50]} 46.
Rd7 {[%clk 00:07:59]} {[%emt 00:00:55]} Nxc6 {[%clk 00:16:02]} {[%emt
00:01:03]} 47. Bxc6 {[%clk 00:07:43]} {[%emt 00:00:21]} Rxc6 {[%clk 00:15:55]}
{[%emt 00:00:13]} 48. a7 {[%clk 00:07:29]} {[%emt 00:00:19]} Rc1+ {[%clk
00:15:44]} {[%emt 00:00:15]} 49. Kf2 {[%clk 00:07:26]} {[%emt 00:00:08]} Ra1
{[%clk 00:15:29]} {[%emt 00:00:20]} 50. Rxf7 {[%clk 00:06:45]} {[%emt
00:00:46]} Rxa7 {[%clk 00:15:29]} {[%emt 00:00:05]} 51. Rxa7 {[%clk 00:06:28]}
{[%emt 00:00:21]} Kxa7 {[%clk 00:15:27]} {[%emt 00:00:07]} 52. Ke3 {[%clk
00:06:29]} {[%emt 00:00:05]} Kb7 {[%clk 00:15:28]} {[%emt 00:00:03]} 53. Ke4
{[%clk 00:06:29]} {[%emt 00:00:05]} Kc7 {[%clk 00:15:27]} {[%emt 00:00:07]} 54.
Ke5 {[%clk 00:06:09]} {[%emt 00:00:25]} Kd7 {[%clk 00:15:25]} {[%emt 00:00:06]}
55. Kf6 {[%clk 00:05:32]} {[%emt 00:00:43]} Kd6 {[%clk 00:15:26]} {[%emt
00:00:04]} 56. Kg7 {[%clk 00:05:21]} {[%emt 00:00:16]} e5 {[%clk 00:15:26]}
{[%emt 00:00:05]} 57. Kxh7 {[%clk 00:05:21]} {[%emt 00:00:04]} e4 {[%clk
00:15:27]} {[%emt 00:00:05]} 58. Kxg6 {[%clk 00:05:15]} {[%emt 00:00:10]} e3
{[%clk 00:15:28]} {[%emt 00:00:04]} 59. h4 {[%clk 00:05:17]} {[%emt 00:00:04]}
e2 {[%clk 00:15:28]} {[%emt 00:00:05]} 60. h5 {[%clk 00:05:20]} {[%emt
00:00:02]} e1=Q {[%clk 00:15:24]} {[%emt 00:00:09]} 0-1